Legislación habitacional chilena: repertorio sistematizado y concordado de la legislación de vivienda

Đã lưu trong:
Chi tiết về thư mục
Tác giả chính: Uranga Ortega, Eliana (Tác giả)
Định dạng: Sách
Ngôn ngữ:Tiếng Tây Ban Nha
Được phát hành: Santiago Encina 1970
Những chủ đề:
Các nhãn: Thêm thẻ
Không có thẻ, Là người đầu tiên thẻ bản ghi này!

MARC

LEADER 00000nam a2200000 a 4500
001 UCU7013
003 CL-VaPUC
008 960628e19700000CL |||||||||||||||||spa|d
082 0 4 |a 363.5  |b URA  |2 21 
100 0 |a Uranga Ortega, Eliana  |e author  |9 365470 
245 1 0 |a Legislación habitacional chilena: repertorio sistematizado y concordado de la legislación de vivienda 
300 |a 413 p 
942 |c BK 
945 |d 19960628 00:00:00  |a cmena 
260 |a Santiago  |b Encina  |c 1970 
650 0 |a Vivienda  |9 258662 
650 0 |a Viviendas baratas  |9 362226 
650 0 |a Planificación urbana   |9 258176 
650 7 |a LEGISLACION URBANA  |2 CL-VaPUC  |9 365471 
650 7 |a TECNOLOGIA DE LA CONSTRUCCION  |2 CL-VaPUC  |9 260196 
650 7 |a NORMAS DE EDIFICACION  |2 CL-VaPUC  |9 364283 
583 |a last modification  |c 19960628 00:00:00  |k Rodrigo Vera 
999 |c 249731  |d 249729